Návrh algoritmu riadenia procesov na znižovanie emisií v hybridných vozidlách

Uložené v:
Podrobná bibliografia
Hlavný autor: Elek, Gábor (Autor)
Ďalší autori: Osuský, Jakub (Vedúci práce)
Médium: Rukopis Kniha
Jazyk:Slovak
Vydavateľské údaje: 2018
Predmet:
On-line prístup:http://is.stuba.sk/zp/portal_zp.pl?podrobnosti=139386
Tagy: Pridať tag
Žiadne tagy, Buďte prvý, kto otaguje tento záznam!

MARC

LEADER 00000ntm a22000003a 4500
001 stuzp63747
003 SK-STU
005 20181116123345.3
007 ta
008 150427s2015----xo-----f-mn---000-0-slo-d
040 |a STU  |b slo 
041 0 |a slo 
044 |a xo 
100 1 |a Elek, Gábor  |u 030400  |4 aut  |U FEI Fakulta elektrotechniky a informatiky  |T FEI Ústav automobilovej mechatroniky  |X 53873  |U E400  |Y 642  |7 53873 
242 0 1 |a Algorithm design for emissions reduction in hybrid vehicles  |y eng 
245 1 0 |a Návrh algoritmu riadenia procesov na znižovanie emisií v hybridných vozidlách 
260 |c 2018 
300 |a 78 s.,  |b CD-ROM 
650 4 |a Hybrid vehicle  |2 eng 
650 4 |a EMF  |2 eng 
650 4 |a Electromagnetic field  |2 eng 
650 4 |a EMC  |2 eng 
650 4 |a Internal combustion engine  |2 eng 
650 4 |a Electromagnetic compatibility  |2 eng 
650 4 |a Emissions  |2 eng 
650 4 |a Spaľovací motor  |2 slo 
650 4 |a EMF  |2 slo 
650 4 |a EMC  |2 slo 
650 4 |a Elektromagnetická kompatibilita  |2 slo 
650 4 |a Emisie  |2 slo 
650 4 |a Hybridné vozidlo  |2 slo 
650 4 |a Elektromagnetické pole  |2 slo 
700 1 |a Osuský, Jakub  |u 030400  |k Z1  |4 ths  |U FEI Fakulta elektrotechniky a informatiky  |T FEI Ústav automobilovej mechatroniky  |X 24492  |U E400  |Y 642  |7 A000024492 
856 4 |u http://is.stuba.sk/zp/portal_zp.pl?podrobnosti=139386 
996 |b 284EP12029  |c E*DIPL- 12029  |l EE30  |s P  |a 0  |w stuzp63747_0001